00872 a2200217 4500003000500000005001700005010001600022020001500038040000900053082001500062100002600077245006700103260005100170300003900221505016800260650003500428650002100463942002500484999001900509952012600528Nust20230124102244.0 a 95022592 a1562053973 cNust00a384.33,KUM1 aKumar, Vinay,910751410aMBone--interactive multimedia on the Internet / cVinay Kumar. aIndianapolis, Ind. :bNew Riders Pub.,cc1996. axv, 232 p. :bill., maps ;c24 cm. aPart i,The MBone Architecture (Page-5), Part ii: MBone Communication and Intergration (Page-59), Part iii: Appendixes (Page-159), Part iv: Bibliography (Page-213). 0aInteractive multimedia.931327 0aInternet.917965 cREF2ddck384.33,KUM c175176d175176 00102ddc4070aMCSbMCScGENd2016-12-12o384.33,KUMpMCS26573r2016-12-08w2016-12-12yBKzAlmirah No. 54, Shelf No. 4